banner-ar

التمثيل بشخص الممثل والتمثيل بالاسلوب : (Record no. 65152)

MARC details
000 -الفاتح
حقل البيانات ثابتة الطول 01110nam a22002657a 4500
005 - وقت وتاريخ اخر تعامل مع التسجيلة
رقم الضبط 20240530110810.0
008 - عناصر البيانات ثابتة الطول - معلومات عامة
حقل البيانات ثابتة الطول 190115s2008 ua a g 000 0 ara d
017 ## - رقم الايداع القانونى
رقم الايداع القانونى 2007/20202
المصدر ( الهيئة المختصة) مصر. دار الكتب
020 ## - الرقم الدولى المعيارى للكتب
الرقم الدولى المعيارى للكتاب 9774374711
040 ## - مصدر الفهرسة
وكالة الفهرسة الأصلية EG-CaGPL
وكالة النسخ EG-CaGPL
082 04 - رقم تصنيف ديوى العشرى
رقم الطبعة 21
رقم التصنيف 792.028 /
رقم المادة ك ت
100 1# - المدخل الرئيسى - إسم شخصى
الإسم الشخصى كروفورد ، جيرى ل.
245 12 - بيان العنوان
العنوان التمثيل بشخص الممثل والتمثيل بالاسلوب :
بقية العنوان الجزء الاول /
بيان المسئوليه,etc تأليف جيرى ل. كروفورد ؛ ترجمة و تقديم سامى صلاح ؛ مراجعة نبيل راغب
250 ## - بيان الطبعة
بيان الطبعة ط.1
260 ## - PUBLICATION, DISTRIBUTION, ETC. (IMPRINT)
تاريخ النشر أو التوزيع 2008.
300 ## - الوصف المادى
التعداد 610 ص. :
تفاصيل ماديه اخرى للوعاء ايض ؛
أبعاد الوعاء 24 سم.
650 07 - المدخل الاضافى بالموضوع-مصطلح موضوعى
مصدر الرأس أو المصطلح qrmak
مصطلح موضوعي المسرح
650 07 - المدخل الاضافى بالموضوع-مصطلح موضوعى
مصطلح موضوعي الممثلون والممثلات
650 07 - المدخل الاضافى بالموضوع-مصطلح موضوعى
مصطلح موضوعي التمثيل
651 ## - المدخل الاضافى بالموضوع - اسم جغرافى
مصدر الرأس أو المصطلح qrmak
700 0# - المدخل الاضافى - اسم شخصى
الإسم الشخصى سامى صلاح
الدور مترجم ومقدم
700 0# - المدخل الاضافى - اسم شخصى
الإسم الشخصى نبيل راغب
الدور مراجع
942 ## - عناصر المدخل الإضافي( كوها)
مصدر التصنيف او مخطط الترفيف Dewey Decimal Classification
Koha [default] item type كتاب
260 ## - PUBLICATION, DISTRIBUTION, ETC. (IMPRINT)
-- القاهرة :
-- وزارة الثقافة : مهرجان القاهرة الدولى للمسرح التجريبى،
Holdings
حالة التراجع حالة الفقد حالة تلف ليس للاعارة المكان المؤقت الموقع الحالى موقع الترفيف تاريخ الاكتساب اجمالي اﻻعارات رقم الطلب الباركود تاريخ اخر مشاهدة تاريخ تفعيل السعر نوع وعاء كوها
        مكتبة القاهرة الكبرى مكتبة القاهرة الكبرى   04/10/2019   792.028 / ك ت 165777 04/10/2019 04/10/2019 كتاب

Powered By

EGPV